Responses for Show #4801 - Monday, June 20, 2005

Contestants

[<< previous game]

Stephanie Monaghan, a high school humanities teacher from Seattle, Washington

Andrew Gonzalez, a student originally from Houston, Texas

Donna Brutkoski, a newspaper copy editor originally from Brandon, Vermont (whose 1-day cash winnings total $21,600)

[next game >>]

Jeopardy! Round responses

NOTABLE NAMES
BLACK & WHITE CINEMA
TOM, DICK OR HARRY
ALLITERATION
BAR EXAM
BOOK ENDS
    $200 16
Beethoven

Donna
    $200 1
Psycho

Andrew
    $200 26
a dick

Stephanie
    $200 2
a spectator sport

Andrew
    $200 5
a margarita

Donna
    $200 21
Huckleberry Finn

Donna
    $400 17
Adlai Stevenson

Triple Stumper
    $400 4
Pleasantville

Andrew
    $400 27
(Donna: What is... ohh.)

to harry

DonnaStephanie
    $400 3
water wings

Donna
    $400 6
gin

Donna
    $400 22
Pride and Prejudice

Donna
    $600 18
Walter Reed

Stephanie
    $600 10
(The Battleship) Potemkin

Donna
    $600 28
a tom

Stephanie
    $600 13
the Borscht Belt

Donna
    $600 7
a screwdriver

Donna
    $600 23
The Wind in the Willows

Donna
    $800 19
Winslow Homer

Donna
    $800 11
(Ingmar) Bergman

Andrew
    $800 29
a tom (tom-tom accepted)

Donna
    $800 14
the Girl Guides

Donna
    $800 8
Grand Marnier

Donna
    $1,500 24
(Donna: Hm...)
(Alex: Donna?)
(Donna: Who is... uh, I don't know.)
(Alex: What is [*]. I have a similar picture in my closet.)
[Laughter]

The Picture of Dorian Gray

Donna
    $1000 20
Samuel Pepys

Donna
    $1000 12
(Alex: That was a little bit of film made by the [*] Brothers--the "Light" Brothers.)

Lumière

Triple Stumper
    $1000 30
spotted dick

Andrew
    $1000 15
a loss leader

Stephanie
    $1000 9
drambuie

Triple Stumper
    $1000 25
(Alex: And that's Jack Kerouac's [*].)

On the Road

Triple Stumper

Scores at the first commercial break (after clue 15):

Donna Andrew Stephanie
$4,400 $1,600 $1,000

Scores at the end of the Jeopardy! Round:

Donna Andrew Stephanie
$6,500 $2,600 $2,800

Double Jeopardy! Round responses

THE POPES
JOHN/PAUL
URBAN
INNOCENT
LEO
"LINE" US
    $400 12
a papal bull

Donna
    $400 6
"I Saw Her Standing There"

Stephanie
    $400 21
Sydney

Stephanie
    $400 11
their mane

Andrew
    $400 1
the assembly line

Donna
    $800 13
the Netherlands

Andrew
    $800 7
"Back In The U.S.S.R."

Andrew
    $800 22
Chicago

Andrew
    $800 26
the Freemasons

Triple Stumper
    $800 17
MGM

Andrew
    $800 2
(Donna: What is the... red line?)

the hot line

DonnaStephanie
    $1200 14
(Stephanie: Makers of the capes?... of their vestments?)
(Alex: Sorry...)
(Stephanie: What is!)
(Alex: Hah!)
(Stephanie: Did I get in there?)
(Alex: [Looks toward judges' table] Okay! You did it in a backwards fashion, but that's okay.)

tailor

Stephanie
    $1,600 8
"Paperback Writer"

Andrew
    $1200 23
Mecca

Stephanie
    $1200 27
the three colors: red, blue & white

Triple Stumper
    $1200 18
prides

Donna
    $1200 3
(Alex: If you're a gambler, you'd know all about [*].)

the morning line

Triple Stumper
    $1600 15
infallibility

Andrew
    $1600 9
"She Loves You"

Triple Stumper
    $1600 24
Bonn

Donna
    $1600 28
(Donna: What is The Killing Fields?)

Platoon

DonnaStephanie
    $3,000 19
Lake Victoria

Donna
    $1600 4
the tree line

Donna
    $2000 16
the Swiss Guards

Donna
    $2000 10
"A Hard Day's Night"

Andrew
    $2000 25
Entebbe

Stephanie
    $2000 29
[The end-of-round signal sounds.]

William Blake

Donna
    $2000 20
vertebrae

Donna
    $2000 5
a line-item veto

Andrew

Scores at the end of the Double Jeopardy! Round:

Donna Andrew Stephanie
$18,300 $13,400 $10,400

[wagering suggestions for these scores]

Final Jeopardy! Round responses

SIGNS & SYMBOLS
(Alex: The 32 leaves refer to the number of teeth; the Greek delta, "D", for [*].)
StephanieWhat is medicine?
$10,400
AndrewWhat is Doctor?
$7,500
DonnaWhat is medicine?
$9,000
dentistry

Final scores:

Donna Andrew Stephanie
$9,300 $5,900 $0
2-day champion: $30,900 2nd place: $2,000 3rd place: $1,000

Game dynamics:

Coryat scores:

Donna Andrew Stephanie
$18,400 $13,000 $10,400
24 R
(including 1 DD),
4 W
(including 1 DD)
14 R
(including 1 DD),
0 W
12 R,
0 W

Combined Coryat: $41,800

[game clues] [game scores] [suggest correction]

Game tape date: 2004-12-01
The J! Archive is created by fans, for fans. Scraping, republication, monetization, and malicious use prohibited; this site may use cookies and collect identifying information. See terms. The Jeopardy! game show and all elements thereof, including but not limited to copyright and trademark thereto, are the property of Jeopardy Productions, Inc. and are protected under law. This website is not affiliated with, sponsored by, or operated by Jeopardy Productions, Inc. Join the discussion at JBoard.tv.